000
00505nam a2200157Ia 4500
008
090124s9999 xx 000 0 und d
082
_b
107805
245
_a
इतिहासाच्या पानो पानी
250
_a
1
260
_c
1960
300
_a
100
630
_a
इतिहासाच्या पानो पानी
700
_a
गाडगीळ अमरेंद्र.
730
_a
इतिहासाच्या पानो पानी
942
_c
BOOK
999
_c
153896
_d
153896